THE COPYWRITING WORKBOOK (Record no. 12314)

000 -LEADER
fixed length control field 00430 a2200181 4500
003 - CONTROL NUMBER IDENTIFIER
control field OSt
005 - DATE AND TIME OF LATEST TRANSACTION
control field 20231117160248.0
008 - FIXED-LENGTH DATA ELEMENTS--GENERAL INFORMATION
fixed length control field 231117b ||||| |||| 00| 0 eng d
020 ## - INTERNATIONAL STANDARD BOOK NUMBER
International Standard Book Number 9781568987927
040 ## - CATALOGING SOURCE
Original cataloging agency BMSCA
041 ## - LANGUAGE CODE
Language code of text/sound track or separate title eng.
082 ## - DEWEY DECIMAL CLASSIFICATION NUMBER
Edition number 23
Classification number 620.00
Item number KRA
100 ## - MAIN ENTRY--PERSONAL NAME
Personal name KRAWCZYK,ROBERT J
245 ## - TITLE STATEMENT
Title THE COPYWRITING WORKBOOK
260 ## - PUBLICATION, DISTRIBUTION, ETC. (IMPRINT)
Name of publisher, distributor, etc Princeton Architectural Press
Date of publication, distribution, etc 2008
300 ## - PHYSICAL DESCRIPTION
Extent 416p.:
942 ## - ADDED ENTRY ELEMENTS (KOHA)
Source of classification or shelving scheme
Holdings
Withdrawn status Lost status Source of classification or shelving scheme Damaged status Koha normalized classification for sorting Not for loan Permanent location Current location Date acquired Source of acquisition Cost, normal purchase price Full call number Barcode Date last seen Cost, replacement price Price effective from Koha item type
        620_000000000000000_KRA   BMS College of Architecture, Design and Planning BMS College of Architecture, Design and Planning 2023-11-17 1 3206.25 620.00 KRA AR-RD233 2023-11-17 4275.00 2023-11-17 R&D Books
Copyright © 2025, The Librarian, Library and Information Centre, BMSCA D&P, Bengaluru. All Rights Reserved
web counter

Powered by Koha